Walking Dead: Savior Quiz - Statistics

General Stats
  • This quiz has been taken 197 times
  • The average score is 8 of 27
Answer Stats
Role Quote Savior % Correct
Leader "You can blink, you can breathe, you can cry." Negan
99%
Right-hand man "Welcome to where you're going." Simon
95%
Lieutenant "Because I want him stopped. I want Negan dead." Dwight
92%
Lieutenant "You heard the man! Move out!" Arat
52%
Sherry
44%
Lieutenant "I need you to understand the gravity of whats happened here" Gavin
40%
Doctor "We don't... We don't get to keep big hearts. Remember that." Emmett Carson
39%
Member "Maybe ill buy you a sandwich." Laura
36%
Group that kidnaps Maggie and Carol "If you could do all this, what were you so afraid of, Carol?" Paula
34%
Member "Woah! It's cool! I swear! Buddy, you can walk right out that back gate there, and I won't say anything to anybody." Fat Joey
32%
Member "If I give you some water... which is not something I'm supposed to do. Will you do something for me?" David
31%
Member "Ehh.....We should give em over your Majesty....." Jared
28%
"Look, I know that this is crazy and you barely know us...but we can tell that you are a good man. There aren't many of those left." Frankie
22%
Negan's Wives "No.. I'll stay.. I'm- I'm sorry.. I love you.." Amber
17%
Medic "Im Negan sh*thead" Primo
16%
Member "Run along to Negan, Rick. But your friend here, he's got no place to be." Gary
13%
"Honey, you need to take some yoga breaths and calm your ass down." Molly
13%
"Hey, just because this was Negan's idea doesn't mean we don't want to be here. I'd be down with just having an intelligent conversation." Tanya
13%
Leader of the group of bikers "Your property now belongs to Negan." Bud
9%
"You lost your balls, Paula." Donnie
8%
"You're not the good guys. You should know that. " Michelle
7%
Lieutenant "A woman like you - no weapons, no protection, no clue - you really shouldn't be out here alone." Jiro
6%
Member *No lines besides screaming* Mark
5%
Member "This is the last time I'm going to kneel." Gordon
4%
Member "Stop. They're vegetables, use the whole word, we have time." Roy
4%
Guard "I'll get your guy, you'll go home, and you bring us more stuff next week, hmm?" Gabe
3%
Member "Each breath is getting harder, probably don't have too many more in me so I'm gonna make each one count." Roman
3%
No matching quizzes found
Score Distribution
Percent of People with Each Score
Percentile by Number Answered
Your Score History
You have not taken this quiz